| Tag |
First Indicator |
Second Indicator |
Subfields |
| LEADER |
00000cgm a2200000Ia 4500 |
| 001 |
in00002679621 |
| 005 |
20151202115612.0 |
| 007 |
vd cvaizq |
| 008 |
070716p20072005sl 080 g vleng d |
| 020 |
|
|
|a 0767098617
|
| 020 |
|
|
|a 9780767098618
|
| 024 |
1 |
|
|a 767685992234
|
| 028 |
4 |
2 |
|a NVG-9922
|b Docurama
|
| 035 |
|
|
|a (OCoLC)ocn155855221
|
| 035 |
|
|
|a (OCoLC)155855221
|
| 040 |
|
|
|a TEFMT
|c TEFMT
|d IMF
|d TEF
|d MRY
|d BTCTA
|d MR0
|d OCLCQ
|d UMC
|d IBS
|d YDXCP
|d UtOrBLW
|
| 041 |
0 |
|
|a eng
|j eng
|
| 043 |
|
|
|a f-sl---
|
| 049 |
|
|
|a TXAM
|
| 050 |
1 |
4 |
|a M1630.18
|b .S54 2007
|
| 082 |
0 |
4 |
|a 781.63
|2 22
|
| 090 |
|
|
|a M1838.S53
|b S54 2007
|
| 245 |
0 |
0 |
|a Sierra Leone's Refugee All Stars /
|c Red Envelope Entertainment ; Ninemillion.org ; Shangri-La Entertainment ; Cube Vision ; SodaSoap Productions presents Sierra Leone's Refugee All Stars ; a film by Zach Niles and Banker White.
|
| 246 |
3 |
0 |
|a Refugee All Stars
|
| 264 |
|
1 |
|a [New York, N.Y.] :
|b Docurama :
|c [2007]
|
| 264 |
|
2 |
|a [New York, N.Y.] :
|b Distributed by New Video,
|
| 300 |
|
|
|a 1 videodisc (80 min.) :
|b sound, color ;
|c 4 3/4 in. +
|e 1 booklet.
|
| 336 |
|
|
|a two-dimensional moving image
|b tdi
|2 rdacontent
|
| 337 |
|
|
|a video
|b v
|2 rdamedia
|
| 338 |
|
|
|a videodisc
|b vd
|2 rdacarrier
|
| 538 |
|
|
|a DVD ; Dolby Digital 5.1 surround, NTSC.
|
| 546 |
|
|
|a In English with optional English subtitles.
|
| 511 |
0 |
|
|a Sierra Leone's Refugee All Stars (Reuben Koroma, Francis "Franco" Langba, Grace Efuah Amponah, Abdul Rahim Kamara ; Mohammed Bangura, Arahim Kamara, Alhadji Jeffery "Black Nature" Kamara).
|
| 508 |
|
|
|a Cinematography, Banker White, Chris Jenkins, Andy Mitchel ; editor, Jim Bruce ; musical director, Chris Velan.
|
| 500 |
|
|
|a Originally released as a documentary film in 2005.
|
| 520 |
|
|
|a Uplifting and courageous, this dramatic seven-time award-winning film by Zach Niles and Banker White tracks the journey of a group of six musicians who formed a band after being displaced from their home during a brutal decade long civil war.
|
| 505 |
0 |
|
|a We are refugees -- A band, a family -- Camp tour -- Overcoming trauma -- Go and see -- A rolling stone -- The war done done -- Home sweet home -- Island studios -- Return to Boreah -- Repatriation.
|
| 500 |
|
|
|a Special features: "Refugee rolling:" this short film picks up the band's story as they prepare for their first journey to America featurette; deleted scenes; musical moments; about ninemillion.org; theatrical trailer.
|
| 500 |
|
|
|a Videorecording.
|
| 610 |
2 |
0 |
|a Refugee All Stars.
|
| 650 |
|
0 |
|a Reggae music
|z Sierra Leone.
|
| 650 |
|
0 |
|a Rap (Music)
|z Sierra Leone.
|
| 650 |
|
0 |
|a Refugees
|z Sierra Leone
|v Biography.
|
| 650 |
|
0 |
|a Musicians
|z Sierra Leone
|v Biography.
|
| 650 |
|
0 |
|a Refugee camps
|z Guinea.
|
| 655 |
|
7 |
|a Feature films.
|2 lcgft
|
| 655 |
|
7 |
|a Documentary films.
|2 lcgft
|
| 655 |
|
7 |
|a Nonfiction films.
|2 lcgft
|
| 700 |
1 |
|
|a Niles, Zach.
|
| 700 |
1 |
|
|a White, Banker.
|
| 700 |
1 |
|
|a Koroma, Reuben.
|
| 700 |
1 |
|
|a Langba, Francis.
|
| 700 |
1 |
|
|a Amponah, Grace Efuah.
|
| 700 |
1 |
|
|a Bangura, Mohammed.
|
| 700 |
1 |
|
|a Kamara, Arahim.
|
| 700 |
1 |
|
|a Kamara, Alhadji.
|
| 710 |
2 |
|
|a Refugee All Stars.
|
| 710 |
2 |
|
|a Red Envelope Entertainment (Firm)
|
| 710 |
2 |
|
|a Ninemillion.org (Firm)
|
| 710 |
2 |
|
|a SodaSoap Productions (Firm)
|
| 710 |
2 |
|
|a American Documentary I (Firm)
|
| 710 |
2 |
|
|a P.O.V. (Firm)
|
| 710 |
2 |
|
|a Shangri-La Entertainment (Firm)
|
| 710 |
2 |
|
|a Cube Vision (Firm)
|
| 710 |
2 |
|
|a Docurama (Firm)
|
| 710 |
2 |
|
|a New Video Group.
|
| 938 |
|
|
|a Baker and Taylor
|b BTCP
|n be2007024999
|
| 938 |
|
|
|a YBP Library Services
|b YANK
|n 3564153
|
| 994 |
|
|
|a C0
|b TXA
|
| 948 |
|
|
|a cataloged
|b h
|c 2011/3/8
|d c
|e blrosas
|f 9:49:36 am
|
| 999 |
|
|
|a MARS
|
| 999 |
f |
f |
|s 6dfe1c2f-c46a-3930-9c84-8d8fea8d4b85
|i 797f0fce-4d69-3d2b-939c-facfc41ccfb0
|t 0
|
| 952 |
f |
f |
|p ric
|a Texas A&M University
|b Rellis Campus
|c Joint Library Facility
|d Remote Storage
|t 0
|e M1838.S53 S54 2007
|h Library of Congress classification
|i video -- videodisc
|m A14839550275
|
| 998 |
f |
f |
|a M1838.S53 S54 2007
|t 0
|l Remote Storage
|